[Event "Superbet Blitz 2022"]
[Site "Warsaw POL"]
[Date "2022.05.22"]
[Round "1.1"]
[White "Gavrilescu, David"]
[Black "Aronian, Levon"]
[Result "0-1"]
[WhiteTitle "IM"]
[BlackTitle "GM"]
[WhiteElo "2518"]
[BlackElo "2765"]
[WhiteFideId "1227190"]
[BlackFideId "13300474"]
[EventDate "2022.05.22"]

1. e4 c5 2. Nf3 d6 3. Bb5+ Nd7 4. d4 cxd4 5. Qxd4 a6 6. Be2 Ngf6 7. O-O g6 8.
Nc3 Bg7 9. Rd1 O-O 10. e5 Nxe5 11. Nxe5 Nd7 12. Nxf7 Bxd4 13. Nxd8 Bxf2+ 14. Kh1
Rxd8 15. Nd5 Bh4 16. Bc4 Ne5 17. Nxe7+ Kg7 18. Nxc8 Nxc4 19. Rd4 Bf6 20. Rxc4
Raxc8 21. Rxc8 Rxc8 22. c3 d5 23. Be3 d4 24. Bxd4 Bxd4 25. cxd4 Rc2 26. b3 Kf6
27. h3 b5 28. b4 Rc4 29. a3 Rxd4 30. Rc1 Rc4 31. Rd1 Ke5 32. Rd3 Rc6 33. Kh2 Ke4
34. Rd7 h5 35. h4 Ke5 36. g3 Rc3 37. Re7+ Kf6 38. Rb7 Rxa3 39. Rb6+ Kf5 40. Kh3
Ra4 41. Kg2 Rxb4 42. Rxa6 Rb3 43. Kf2 b4 44. Rb6 Ke4 45. Rxg6 Rb2+ 46. Kg1 Kf3
47. Kh1 b3 48. Rg5 Rc2 49. Rf5+ Kg4 50. Rb5 b2 0-1

[Event "Superbet Blitz 2022"]
[Site "Warsaw POL"]
[Date "2022.05.22"]
[Round "1.2"]
[White "Shevchenko, Kirill"]
[Black "Korobov, Anton"]
[Result "1-0"]
[WhiteTitle "GM"]
[BlackTitle "GM"]
[WhiteElo "2644"]
[BlackElo "2671"]
[WhiteFideId "14129574"]
[BlackFideId "14105730"]
[EventDate "2022.05.22"]

1. e4 c5 2. Nc3 Nc6 3. Nf3 e6 4. d4 cxd4 5. Nxd4 Qc7 6. Be3 a6 7. Qf3 b5 8. Nxc6
Qxc6 9. O-O-O Bb7 10. Qg3 Rc8 11. Bd3 Nf6 12. e5 Nd5 13. Be4 Qc7 14. Bxd5 Bxd5
15. Rd2 Qa5 16. Bd4 Bc6 17. Kb1 b4 18. Nd1 b3 19. Nc3 bxa2+ 20. Ka1 g6 21. Qe3
Rb8 22. h4 h5 23. Rhd1 Be7 24. Ne4 Bxe4 25. Qxe4 Qb5 26. Bc3 Qc6 27. Qxc6 dxc6
28. Rd4 Bc5 29. Rf4 Ke7 30. b4 Bb6 31. Rd3 Rbd8 32. Rdf3 Rhf8 33. Rc4 Kd7 34.
Kxa2 Kc7 35. Rcf4 Rd7 36. Rf6 c5 37. Kb3 Kc6 38. Rxe6+ fxe6 39. Rxf8 cxb4 40.
Bxb4 Rd4 41. Rf6 Kd5 42. g3 Re4 43. Rxg6 Bxf2 44. Rg5 Rxe5 45. c4+ Ke4 46. Rg6
Kf3 47. Bd6 Re3+ 48. Ka4 e5 49. Rf6+ Kg2 50. Rxf2+ Kxf2 51. Bc5 Kf3 52. Bxe3
Kxe3 53. c5 e4 54. c6 1-0

[Event "Superbet Blitz 2022"]
[Site "Warsaw POL"]
[Date "2022.05.22"]
[Round "1.4"]
[White "So, Wesley"]
[Black "Wojtaszek, Radoslaw"]
[Result "0-1"]
[WhiteTitle "GM"]
[BlackTitle "GM"]
[WhiteElo "2776"]
[BlackElo "2696"]
[WhiteFideId "5202213"]
[BlackFideId "1118358"]
[EventDate "2022.05.22"]

1. d4 Nf6 2. c4 e6 3. Nc3 Bb4 4. e3 O-O 5. Bd3 d5 6. a3 Bxc3+ 7. bxc3 dxc4 8.
Bxc4 c5 9. Nf3 Qc7 10. Be2 b6 11. Bb2 Ba6 12. c4 cxd4 13. Nxd4 Nbd7 14. Nb5 Qc5
15. O-O Bb7 16. Qd4 Qg5 17. g3 a6 18. Nd6 Bc6 19. Rad1 Rad8 20. Qf4 Qg6 21. Rd2
Nc5 22. Rfd1 Ba4 23. Nf5 Rde8 24. Nh4 Qe4 25. Re1 Qxf4 26. gxf4 Nfe4 27. Rd4 Rd8
28. Nf3 Nd6 29. Bc3 Nb3 30. Rd3 Nc5 31. Rd4 Nb3 32. Rdd1 Ne4 33. Bb4 Nbc5 34.
Rxd8 Rxd8 35. Rb1 Bc2 36. Rb2 Bd3 37. Kf1 Bxe2+ 38. Kxe2 Nd3 39. Rb3 Nc1+ 0-1

[Event "Superbet Blitz 2022"]
[Site "Warsaw POL"]
[Date "2022.05.22"]
[Round "1.5"]
[White "Caruana, Fabiano"]
[Black "Rapport, Richard"]
[Result "1-0"]
[WhiteTitle "GM"]
[BlackTitle "GM"]
[WhiteElo "2786"]
[BlackElo "2776"]
[WhiteFideId "2020009"]
[BlackFideId "738590"]
[EventDate "2022.05.22"]

1. d4 Nf6 2. c4 g6 3. Nc3 Bg7 4. e4 d6 5. Be2 O-O 6. Be3 c6 7. h4 h5 8. f3 a6 9.
a4 a5 10. Nh3 Bxh3 11. Rxh3 Nbd7 12. g4 e5 13. d5 Nc5 14. Bxc5 dxc5 15. Qd2 Kh7
16. Kd1 Qc8 17. Rg3 Rh8 18. Kc2 Kg8 19. Rh1 Qc7 20. Rg2 Rd8 21. Nd1 hxg4 22. Nc3
Bh6 23. Qd1 gxf3 24. Bxf3 Bf4 25. h5 Kg7 26. Qg1 Rh6 27. hxg6 Rxg6 28. Qxc5 b6
29. Qf2 cxd5 30. cxd5 Qc4 31. Rxg6+ fxg6 32. Qxb6 Rc8 33. d6 Qxa4+ 34. Kb1 Qd7
35. Rd1 Rc6 36. Qb8 Rc8 37. Qb3 Be3 38. Be2 Bd4 39. Nb5 Rb8 40. Qc4 Nxe4 41.
Nxd4 exd4 42. Qxd4+ Nf6 43. Bd3 Rb4 44. Qe5 Rg4 45. Bb5 Qd8 46. d7 Re4 47. Qc5
Rb4 48. Qc8 1-0

[Event "Superbet Blitz 2022"]
[Site "Warsaw POL"]
[Date "2022.05.22"]
[Round "2.1"]
[White "Aronian, Levon"]
[Black "Rapport, Richard"]
[Result "1-0"]
[WhiteTitle "GM"]
[BlackTitle "GM"]
[WhiteElo "2765"]
[BlackElo "2776"]
[WhiteFideId "13300474"]
[BlackFideId "738590"]
[EventDate "2022.05.22"]

1. d4 Nf6 2. c4 g6 3. Nc3 Bg7 4. e4 d6 5. Be2 O-O 6. Be3 c6 7. Nf3 e5 8. O-O
exd4 9. Nxd4 Re8 10. Qc2 Na6 11. Rfe1 Qe7 12. f3 d5 13. cxd5 Nb4 14. Qb3 Nbxd5
15. Bf2 Nxc3 16. bxc3 Nd7 17. a4 Nc5 18. Qa3 Bf8 19. a5 Qf6 20. Qb2 h5 21. Rad1
h4 22. Qc1 Kh7 23. Bc4 b5 24. axb6 axb6 25. e5 Rxe5 26. Rxe5 Qxe5 27. Nxc6 Qf6
28. Nd4 h3 29. Bd5 Ra7 30. g3 Rd7 31. c4 Re7 32. Qf4 Qxf4 33. gxf4 Bh6 34. Bg3
Bg7 35. Kf2 Ra7 36. Rd2 Ra3 37. Nb5 Rb3 38. Nd6 Bf5 39. Nxf5 gxf5 40. Bxf7 Nd3+
41. Ke2 Nc1+ 42. Kd1 Nd3 43. Ke2 Nc5 44. Bf2 Bc3 45. Ra2 Kg7 46. Bd5 Kg6 47. Be3
Bf6 48. Bc6 Nd3 49. Be8+ Kh6 50. Bd7 Kg6 51. Be8+ Kh6 52. Ba4 Rc3 53. Rc2 Nc5
54. Rxc3 Bxc3 55. Bc2 Kg6 56. Bd3 Kf6 57. Bc2 Kg6 58. Bf2 Bb2 59. Kd2 Ba3 60.
Bd3 Ne6 61. Bxb6 Nxf4 62. Bf1 Kf6 63. c5 Ne6 64. c6 Bd6 65. Bxh3 Bxh2 66. Bf1
Bd6 67. Bc4 Nc7 68. Bd4+ Kg5 69. Ke2 Kf4 70. Be3+ Ke5 71. Kd3 Kf6 72. Bf2 Kg5
73. Be3+ Kf6 74. Bd2 Ke5 75. f4+ Kf6 76. Bc3+ Ke7 77. Ke3 Ne6 78. Be5 Bc5+ 79.
Kd3 Bb6 80. Bxe6 Kxe6 81. Kc4 Ke7 82. Kb5 Be3 83. Ka6 1-0

[Event "Superbet Blitz 2022"]
[Site "Warsaw POL"]
[Date "2022.05.22"]
[Round "2.2"]
[White "Wojtaszek, Radoslaw"]
[Black "Caruana, Fabiano"]
[Result "0-1"]
[WhiteTitle "GM"]
[BlackTitle "GM"]
[WhiteElo "2696"]
[BlackElo "2786"]
[WhiteFideId "1118358"]
[BlackFideId "2020009"]
[EventDate "2022.05.22"]

1. d4 Nf6 2. c4 d6 3. Nf3 g6 4. Nc3 Bf5 5. d5 e5 6. dxe6 Bxe6 7. Nd4 Bd7 8. e4
Bg7 9. Be2 O-O 10. O-O Re8 11. f3 Nc6 12. Be3 Nxd4 13. Bxd4 a5 14. Qd2 Bc6 15.
b3 Nd7 16. Bxg7 Kxg7 17. Rae1 Nc5 18. Bd1 Qf6 19. Bc2 Re7 20. Kh1 h5 21. a3 b6
22. b4 axb4 23. axb4 Nd7 24. f4 Qh4 25. Re3 Nf6 26. Qd4 Bb7 27. Bd1 c5 28. Qxd6
Nxe4 29. Nxe4 Bxe4 30. Bf3 Re6 31. Qd2 Qxf4 32. Qc3+ Kg8 33. bxc5 bxc5 34. Kg1
Bxf3 35. Rexf3 Qd4+ 36. Qxd4 cxd4 37. Rxf7 Rd8 38. R7f3 Rc6 39. Rc1 Rdc8 40. Rd3
Rxc4 41. Rcd1 Rd8 42. Kf2 Kf7 43. Kf3 Kf6 44. Ke4 Re8+ 45. Kf3 Rc3 46. Kf4 Rc2
47. Kf3 Ree2 48. Rxd4 Rf2+ 49. Ke3 Rce2+ 50. Kd3 Rxg2 51. h4 Ra2 52. Rf1+ Kg7
53. Rd7+ Kh6 54. Ke3 Ra3+ 55. Kf4 Rg4+ 56. Ke5 Re3+ 57. Kd6 Rd3+ 58. Kc6 Rxd7 0-1

[Event "Superbet Blitz 2022"]
[Site "Warsaw POL"]
[Date "2022.05.22"]
[Round "2.3"]
[White "Duda, Jan-Krzysztof"]
[Black "So, Wesley"]
[Result "0-1"]
[WhiteTitle "GM"]
[BlackTitle "GM"]
[WhiteElo "2750"]
[BlackElo "2776"]
[WhiteFideId "1170546"]
[BlackFideId "5202213"]
[EventDate "2022.05.22"]

1. e4 e5 2. Nf3 Nc6 3. Bb5 Nf6 4. d3 Bc5 5. Bxc6 dxc6 6. Nbd2 O-O 7. Nc4 Re8 8.
Be3 Bb4+ 9. Bd2 Bxd2+ 10. Qxd2 Nd7 11. g4 Nf8 12. g5 Ng6 13. h4 Bg4 14. Qe3 Bh5
15. O-O-O a5 16. Rdf1 a4 17. Ng1 b5 18. Nd2 Nf4 19. f3 b4 20. Nh3 b3 21. axb3
Ne6 22. b4 a3 23. bxa3 Rxa3 24. Kb2 Ra4 25. c3 c5 26. Ra1 Rxa1 27. Rxa1 cxb4 28.
cxb4 Qd6 29. Ra4 Nd4 30. Nc4 Qd7 31. Ra5 Qxh3 32. Nxe5 Qh2+ 33. Kc3 Ne2+ 34. Kc4
Nf4 35. d4 Qc2+ 36. Qc3 Qe2+ 37. Kc5 Qf2 38. Kc6 Qxh4 39. Nd7 Qh3 40. d5 Bxf3
41. Kxc7 Qh2 42. Kb6 Bxe4 43. Qc6 0-1

[Event "Superbet Blitz 2022"]
[Site "Warsaw POL"]
[Date "2022.05.22"]
[Round "2.4"]
[White "Korobov, Anton"]
[Black "Anand, Viswanathan"]
[Result "1/2-1/2"]
[WhiteTitle "GM"]
[BlackTitle "GM"]
[WhiteElo "2671"]
[BlackElo "2751"]
[WhiteFideId "14105730"]
[BlackFideId "5000017"]
[EventDate "2022.05.22"]

1. c4 c5 2. Nf3 Nf6 3. Nc3 Nc6 4. d4 cxd4 5. Nxd4 e6 6. a3 d5 7. cxd5 exd5 8. g3
Bc5 9. Be3 Bb6 10. Bg2 O-O 11. O-O Re8 12. Na4 Bxd4 13. Bxd4 Nxd4 14. Qxd4 Rxe2
15. Nc3 Rxb2 16. Nxd5 Rb6 17. Rad1 Nxd5 18. Bxd5 Qf8 19. Rfe1 Be6 20. Bxe6 Rxe6
21. Rxe6 fxe6 22. Qd7 Re8 23. Qxb7 Qxa3 24. Rd7 Qa1+ 25. Kg2 Qf6 26. Qxa7 Rf8 1/2-1/2

[Event "Superbet Blitz 2022"]
[Site "Warsaw POL"]
[Date "2022.05.22"]
[Round "2.5"]
[White "Gavrilescu, David"]
[Black "Shevchenko, Kirill"]
[Result "1/2-1/2"]
[WhiteTitle "IM"]
[BlackTitle "GM"]
[WhiteElo "2518"]
[BlackElo "2644"]
[WhiteFideId "1227190"]
[BlackFideId "14129574"]
[EventDate "2022.05.22"]

1. e4 c5 2. Nf3 Nc6 3. Bb5 g6 4. Bxc6 dxc6 5. d3 Bg7 6. h3 e5 7. a4 a5 8. Be3 b6
9. Qd2 h6 10. Na3 Qc7 11. Nc4 Be6 12. Qc3 Bxc4 13. Qxc4 Nf6 14. O-O O-O 15. c3
Rfd8 16. Rfd1 Nh5 17. d4 exd4 18. cxd4 cxd4 19. Nxd4 Rac8 20. Rac1 Nf4 21. Nxc6
Rxd1+ 22. Rxd1 Ne6 23. Ne7+ Kh7 24. Qxc7 Rxc7 25. Nd5 Rc2 26. Rd2 Rc1+ 27. Kh2
Rc4 28. b3 Rxe4 29. Bxb6 Be5+ 30. g3 Nd4 31. Rd3 Nc6 32. Re3 Rxe3 33. Nxe3 Kg7
34. Nc4 Bc3 35. Kg2 Kf6 36. Kf3 Ke6 37. Ke4 Be1 38. g4 f5+ 39. gxf5+ gxf5+ 40.
Kd3 h5 41. f4 Bb4 42. Ne3 Bd6 43. Ng2 Nb4+ 44. Kc4 Nc6 45. Kb5 Kd7 46. Bxa5 Nd4+
47. Kc4 Ne2 48. Bd2 Ng1 49. h4 Nf3 50. Bc3 Be7 51. b4 Nxh4 52. Ne3 Bd6 53. Be1
Nf3 54. Bf2 Bxf4 55. Nxf5 Ne5+ 56. Kd5 Nd3 57. Bc5 Nxc5 58. Kxc5 Bg5 59. Kb6 h4
60. Nxh4 Bxh4 61. Kb7 Be1 62. b5 Ba5 63. b6 Bxb6 64. Kxb6 Kc8 1/2-1/2

[Event "Superbet Blitz 2022"]
[Site "Warsaw POL"]
[Date "2022.05.22"]
[Round "3.1"]
[White "Shevchenko, Kirill"]
[Black "Aronian, Levon"]
[Result "0-1"]
[WhiteTitle "GM"]
[BlackTitle "GM"]
[WhiteElo "2644"]
[BlackElo "2765"]
[WhiteFideId "14129574"]
[BlackFideId "13300474"]
[EventDate "2022.05.22"]

1. c4 Nf6 2. Nc3 e6 3. e4 d5 4. cxd5 exd5 5. e5 d4 6. exf6 dxc3 7. Bb5+ Nc6 8.
Qe2+ Be6 9. dxc3 Qxf6 10. Nf3 Bd6 11. Nd4 O-O 12. Nxe6 Rfe8 13. Be3 Rxe6 14. O-O
Bc5 15. Bxc6 bxc6 16. Rad1 Bxe3 17. fxe3 Qe5 18. Rd7 Rf8 19. Rf3 Re7 20. Rxe7
Qxe7 21. Rf4 Re8 22. Qf3 h6 23. h3 a5 24. Ra4 Qc5 25. Re4 Rb8 26. Rd4 Qe7 27.
Qf2 Rb5 28. Qd2 Qe6 29. Qd3 f5 30. Rd8+ Kh7 31. b3 Rd5 32. Rxd5 cxd5 33. Kf2 c5
34. Qb5 Qd6 35. Qxa5 f4 36. Qb5 fxe3+ 37. Kf3 d4 38. Qd3+ Kh8 39. cxd4 cxd4 40.
a4 Qf6+ 41. Ke2 Qf2+ 42. Kd1 Qg1+ 43. Kc2 Qxg2+ 44. Kd1 Qh1+ 45. Kc2 Qh2+ 46.
Kd1 Qb2 47. a5 Qa1+ 48. Ke2 Qa2+ 49. Kd1 Qxa5 50. Qxd4 Qh5+ 51. Ke1 Qxh3 52.
Qd8+ Kh7 53. Qd3+ g6 54. Qe4 Qg3+ 55. Kd1 Qg1+ 56. Kc2 Qf2+ 57. Kc3 Qd2+ 58. Kc4
Qc1+ 59. Kd3 Qb1+ 60. Kxe3 Qxb3+ 61. Kf2 Qf7+ 62. Kg1 h5 63. Qd4 Qg7 64. Qc5 Qf6
65. Qa7+ Kh6 66. Kh1 Qf3+ 67. Kh2 Qf4+ 68. Kg1 h4 69. Qd7 Kh5 70. Qh7+ Qh6 71.
Qd7 Qc1+ 72. Kg2 Qc2+ 73. Kg1 Qf5 74. Qa7 Qg4+ 75. Kh2 Qf4+ 76. Kg2 Qe4+ 77. Kh2
Qe5+ 78. Kg2 Kg5 79. Qb7 Qe2+ 80. Kg1 Qe3+ 81. Kh2 Qf4+ 82. Kg2 Kg4 83. Qc8+ Qf5
84. Qc4+ Kh5 85. Qc6 Qg4+ 86. Kh2 Qf4+ 87. Kg2 Qe5 88. Qf3+ Kg5 89. Qc6 Qe2+ 90.
Kh3 Qg4+ 91. Kh2 Qf4+ 92. Kg2 Qe3 93. Qd5+ Kh6 94. Qa8 Qd4 95. Qf8+ Kh5 96. Qa8
Kg5 97. Qb7 Qd2+ 98. Kh3 Qe3+ 99. Kg2 Qe2+ 100. Kh3 Qf1+ 101. Kh2 Qf4+ 102. Kg2
Qg3+ 103. Kh1 Qe3 104. Kh2 Kg4 105. Qd7+ Kh5 106. Qh7+ Kg5 107. Qb7 Qe5+ 108.
Kg2 Kf4 109. Qf7+ Qf5 110. Qc7+ Kg4 111. Qc4+ Kh5 112. Qc6 Qg4+ 113. Kh2 Qe2+
114. Kh3 Qe3+ 115. Kh2 g5 116. Qb7 Qe2+ 117. Kg1 Qd1+ 118. Kh2 Qd2+ 119. Kg1
Qd4+ 120. Kh2 Qe5+ 121. Kg1 Kg4 122. Qd7+ Qf5 123. Qd1+ Qf3 124. Qd7+ Kg3 125.
Qh3+ Kf4 126. Qh2+ Qg3+ 0-1

[Event "Superbet Blitz 2022"]
[Site "Warsaw POL"]
[Date "2022.05.22"]
[Round "3.2"]
[White "Anand, Viswanathan"]
[Black "Gavrilescu, David"]
[Result "0-1"]
[WhiteTitle "GM"]
[BlackTitle "IM"]
[WhiteElo "2751"]
[BlackElo "2518"]
[WhiteFideId "5000017"]
[BlackFideId "1227190"]
[EventDate "2022.05.22"]

1. e4 e6 2. d4 d5 3. Nc3 Nf6 4. e5 Nfd7 5. f4 c5 6. Nf3 Nc6 7. Be3 cxd4 8. Nxd4
Qb6 9. Qd2 Qxb2 10. Rb1 Qa3 11. Bb5 Nxd4 12. Bxd4 a6 13. Bxd7+ Bxd7 14. Rb3 Qe7
15. Rxb7 Qh4+ 16. g3 Qd8 17. Bb6 Qc8 18. Rc7 Qd8 19. Qd4 Ba3 20. O-O Rc8 21.
Rxc8 Qxc8 22. Rb1 O-O 23. Qe3 Qc4 24. Rb3 Bb4 25. Qd4 Ba5 26. Ba7 Rc8 0-1

[Event "Superbet Blitz 2022"]
[Site "Warsaw POL"]
[Date "2022.05.22"]
[Round "3.3"]
[White "So, Wesley"]
[Black "Korobov, Anton"]
[Result "1-0"]
[WhiteTitle "GM"]
[BlackTitle "GM"]
[WhiteElo "2776"]
[BlackElo "2671"]
[WhiteFideId "5202213"]
[BlackFideId "14105730"]
[EventDate "2022.05.22"]

1. c4 Nf6 2. Nc3 g6 3. e4 d6 4. d4 Bg7 5. Nf3 O-O 6. Be2 e5 7. O-O Nc6 8. d5 Ne7
9. Ne1 Nd7 10. f3 f5 11. Be3 f4 12. Bf2 h5 13. Rc1 g5 14. c5 Nxc5 15. b4 Na6 16.
Nb5 Ng6 17. a4 Bd7 18. Nd3 Rf6 19. Rc3 c6 20. dxc6 bxc6 21. Nxa7 d5 22. b5 cxb5
23. exd5 bxa4 24. Nc6 Bxc6 25. Rxc6 a3 26. Qb3 Nb8 27. d6+ Kh7 28. Rc7 Rxd6 29.
Qb7 Nd7 30. Nc5 a2 31. Nxd7 a1=Q 32. Nb6 Qxc7 33. Qxc7 Qa3 1-0

[Event "Superbet Blitz 2022"]
[Site "Warsaw POL"]
[Date "2022.05.22"]
[Round "3.4"]
[White "Caruana, Fabiano"]
[Black "Duda, Jan-Krzysztof"]
[Result "1/2-1/2"]
[WhiteTitle "GM"]
[BlackTitle "GM"]
[WhiteElo "2786"]
[BlackElo "2750"]
[WhiteFideId "2020009"]
[BlackFideId "1170546"]
[EventDate "2022.05.22"]

1. e4 e5 2. Nf3 Nc6 3. Bb5 Nf6 4. O-O Nxe4 5. d4 Nd6 6. Bxc6 dxc6 7. dxe5 Nf5 8.
Qxd8+ Kxd8 9. h3 Ke8 10. Nc3 a5 11. Bf4 Bb4 12. Ne4 Be6 13. c3 Be7 14. g4 Nh4
15. Nxh4 Bxh4 16. Bg5 Bd5 17. Bxh4 Bxe4 18. Kh2 h5 19. Kg3 Bd5 20. f4 a4 21. f5
hxg4 22. hxg4 Kd7 23. Rad1 b5 24. Rfe1 Rae8 25. b3 axb3 26. axb3 Kc8 27. c4 bxc4
28. bxc4 Bxc4 29. Bg5 Bd5 30. Rd2 Rh7 31. Rh2 Rxh2 32. Kxh2 c5 33. Kg3 c4 34.
Bd2 Kd7 35. Bc3 Rb8 36. Kf4 Rb3 37. Rc1 Kc6 38. g5 Ra3 39. e6 fxe6 40. f6 gxf6
41. gxf6 Ra2 42. Rf1 e5+ 43. Bxe5 Re2 44. Ba1 Kc5 45. Kg5 Rg2+ 46. Kh6 Bf7 47.
Re1 c6 48. Re7 Bd5 49. Be5 Rf2 50. Kg7 Rf3 51. Ra7 Kb4 52. Rb7+ Ka4 53. Ra7+ Kb3
54. Rb7+ Kc2 55. f7 Bxf7 56. Rxf7 Rxf7+ 57. Kxf7 c3 58. Ke6 Kd3 59. Kd6 c2 60.
Bb2 Kd2 61. Kxc6 c1=Q+ 62. Bxc1+ Kxc1 1/2-1/2

[Event "Superbet Blitz 2022"]
[Site "Warsaw POL"]
[Date "2022.05.22"]
[Round "3.5"]
[White "Rapport, Richard"]
[Black "Wojtaszek, Radoslaw"]
[Result "0-1"]
[WhiteTitle "GM"]
[BlackTitle "GM"]
[WhiteElo "2776"]
[BlackElo "2696"]
[WhiteFideId "738590"]
[BlackFideId "1118358"]
[EventDate "2022.05.22"]

1. e4 c5 2. Nc3 d6 3. Bc4 e6 4. a3 Nf6 5. Ba2 Nc6 6. d3 Be7 7. f4 d5 8. e5 Nd7
9. Nf3 b6 10. O-O Bb7 11. Ne2 O-O 12. c3 f5 13. d4 b5 14. Kh1 a5 15. Rg1 b4 16.
g4 Nb6 17. Bb1 bxc3 18. bxc3 Nc4 19. gxf5 exf5 20. Qf1 Bc8 21. Qh3 Kh8 22. Ng3
g6 23. Ra2 Rb8 24. Bd3 cxd4 25. cxd4 Rb3 26. Qf1 Ba6 27. Qd1 Qb6 28. Be2 Rb1 29.
Bd3 Rb3 30. Be2 Rb1 31. Bd3 Ne3 32. Qe2 Bxd3 33. Qxd3 Nc4 34. Ne2 Rb3 35. Nc3
Nd8 36. Nd2 Nxd2 37. Bxd2 Ne6 38. Qh3 Rg8 39. Nxd5 Rxh3 40. Nxb6 Nxd4 41. Nd5
Bc5 42. Rg3 Rxg3 43. hxg3 Rd8 44. Nf6 a4 45. Bb4 Bxb4 46. axb4 Ra8 47. Kg2 a3
48. Kf2 Nb5 49. e6 Kg7 50. Nd5 Rd8 51. e7 Re8 52. Ke3 Kf7 53. Kd3 Rc8 54. Re2
Ra8 55. Kc4 Nd6+ 56. Kc5 Ne4+ 57. Kc6 a2 58. Rxa2 Rxa2 59. b5 Rc2+ 60. Kd7 Nc5+
61. Kd8 Ne6+ 62. Kd7 Ng7 63. b6 Rb2 64. Kc8 Ke6 65. Nc7+ Kxe7 66. b7 Ne6 67.
Nd5+ Kd6 68. Ne3 Nd4 69. Nc4+ Kc5 70. Nxb2 Nc6 71. Nd3+ Kb6 72. b8=Q+ Nxb8 73.
Kxb8 Kc6 74. Kc8 0-1

[Event "Superbet Blitz 2022"]
[Site "Warsaw POL"]
[Date "2022.05.22"]
[Round "4.1"]
[White "Aronian, Levon"]
[Black "Wojtaszek, Radoslaw"]
[Result "1-0"]
[WhiteTitle "GM"]
[BlackTitle "GM"]
[WhiteElo "2765"]
[BlackElo "2696"]
[WhiteFideId "13300474"]
[BlackFideId "1118358"]
[EventDate "2022.05.22"]

1. e4 c5 2. Nf3 d6 3. c3 Nf6 4. Be2 g6 5. O-O Bg7 6. d3 O-O 7. Be3 Nc6 8. Nbd2
e5 9. a3 h6 10. h3 b6 11. b4 Re8 12. b5 Na5 13. c4 Nh5 14. Re1 Nf4 15. Bf1 Bd7
16. Nb1 Ne6 17. Nc3 Nd4 18. Nd2 Nb7 19. Nd5 Kh7 20. a4 Be6 21. Ra2 f5 22. exf5
gxf5 23. g3 Bxd5 24. cxd5 Na5 25. Bg2 Qf6 26. g4 Kh8 27. Bxd4 exd4 28. Nf3 c4
29. dxc4 Nxc4 30. Rae2 Rxe2 31. Rxe2 fxg4 32. Re6 Qf7 33. hxg4 Rf8 34. Qe2 Ne5
35. Nxe5 Bxe5 36. Rxh6+ Kg7 37. Rh3 Qf4 38. Be4 Rh8 39. Rxh8 Kxh8 40. Kf1 Kg7
41. Bf5 Kf6 42. Qc2 Qf3 43. Qc8 Qh3+ 44. Ke2 d3+ 45. Bxd3 Qh6 1-0

[Event "Superbet Blitz 2022"]
[Site "Warsaw POL"]
[Date "2022.05.22"]
[Round "4.2"]
[White "Duda, Jan-Krzysztof"]
[Black "Rapport, Richard"]
[Result "1/2-1/2"]
[WhiteTitle "GM"]
[BlackTitle "GM"]
[WhiteElo "2750"]
[BlackElo "2776"]
[WhiteFideId "1170546"]
[BlackFideId "738590"]
[EventDate "2022.05.22"]

1. d4 Nf6 2. c4 e6 3. Nf3 c5 4. d5 d6 5. Nc3 exd5 6. cxd5 g6 7. Bf4 a6 8. a4 Bg7
9. e3 O-O 10. h3 Ne8 11. Be2 Nd7 12. O-O Ne5 13. Nd2 Rb8 14. Bh2 f5 15. a5 Nc7
16. f4 Nf7 17. Nc4 Nb5 18. Na4 Re8 19. Nab6 Kh8 20. g4 Nh6 21. g5 Nf7 22. Bg3
Bd7 23. Kg2 Nc7 24. h4 Bb5 25. h5 Kg8 26. Ra3 Na8 27. Nxa8 Rxa8 28. Qc2 Rb8 29.
Rf3 Qc7 30. Bd3 Qe7 31. b3 Bxc4 32. Qxc4 Qc7 33. e4 fxe4 34. Bxe4 gxh5 35. Qd3
h6 36. Bh7+ Kh8 37. Bg6 Rf8 38. Bxh5 Rbe8 39. Ra2 Qe7 40. Raf2 hxg5 41. fxg5
Nxg5 42. Rxf8+ Rxf8 43. Rxf8+ Qxf8 44. Qg6 Qf6 45. Qxf6 Bxf6 46. Bxd6 Ne4 47.
Bc7 Be7 48. Bg4 Kg7 49. Bc8 Nd6 50. Be6 Kf6 51. Kf3 c4 52. bxc4 Nxc4 53. Ke4 Bc5
54. Kd3 Nd6 55. Bd8+ Ke5 56. Bh4 Kf4 57. Be1 Ke5 58. Bc3+ Kf4 59. Bd7 Ne4 60.
Bb2 Bb4 61. Bc8 Bxa5 62. Ba3 Bb6 63. Kc4 Bc7 64. Bxb7 Nd6+ 65. Bxd6+ Bxd6 66.
Bxa6 Be5 67. d6 Bxd6 1/2-1/2

[Event "Superbet Blitz 2022"]
[Site "Warsaw POL"]
[Date "2022.05.22"]
[Round "4.3"]
[White "Korobov, Anton"]
[Black "Caruana, Fabiano"]
[Result "0-1"]
[WhiteTitle "GM"]
[BlackTitle "GM"]
[WhiteElo "2671"]
[BlackElo "2786"]
[WhiteFideId "14105730"]
[BlackFideId "2020009"]
[EventDate "2022.05.22"]

1. c4 e5 2. Nc3 Bb4 3. g3 Bxc3 4. bxc3 Nc6 5. Bg2 d6 6. d3 Nge7 7. e4 O-O 8. Nf3
f5 9. exf5 Bxf5 10. Ng5 h6 11. Ne4 Qd7 12. h3 b6 13. Be3 d5 14. cxd5 Nxd5 15.
Qd2 Rad8 16. Rd1 Nce7 17. c4 Nxe3 18. fxe3 Bg6 19. g4 Nc8 20. Rf1 Qe7 21. Rf2
Qh4 22. Qe2 Nd6 23. Nc3 Qg3 24. Rd2 Kh7 25. Bd5 Qxh3 26. Rxf8 Rxf8 27. Kd1 Qg3
28. Kc2 c6 29. Bxc6 Nxc4 30. Ne4 Nxe3+ 31. Kb2 Qf4 32. g5 h5 33. Qe1 Ng4 34. Bd5
Rd8 35. Nc3 Qd4 36. Bb3 Rc8 37. Rc2 Bxd3 38. Rc1 Bg6 39. Rd1 Qf4 40. Rd7 Ne3 41.
Qd2 Nc4+ 42. Bxc4 Qxd2+ 43. Rxd2 Rxc4 44. Rd7 Bf5 45. Rxa7 h4 46. Re7 Rc5 0-1

[Event "Superbet Blitz 2022"]
[Site "Warsaw POL"]
[Date "2022.05.22"]
[Round "4.4"]
[White "Gavrilescu, David"]
[Black "So, Wesley"]
[Result "1/2-1/2"]
[WhiteTitle "IM"]
[BlackTitle "GM"]
[WhiteElo "2518"]
[BlackElo "2776"]
[WhiteFideId "1227190"]
[BlackFideId "5202213"]
[EventDate "2022.05.22"]

1. e4 c5 2. Nf3 d6 3. Bb5+ Nd7 4. d4 cxd4 5. Qxd4 a6 6. Be2 Ngf6 7. O-O e5 8.
Qe3 Nc5 9. Nc3 Be7 10. h3 O-O 11. a4 Bd7 12. a5 Bc6 13. Rd1 Qc7 14. Nd2 Rad8 15.
Bf3 d5 16. exd5 Nxd5 17. Nxd5 Bxd5 18. Bxd5 Rxd5 19. Re1 Ne6 20. c3 Bg5 21. Qe2
Nf4 22. Qc4 Rc5 23. Qf1 Bh6 24. Ne4 Rxa5 25. Rxa5 Qxa5 26. g3 f5 27. Bxf4 fxe4
28. Bxh6 gxh6 29. Qc4+ Rf7 30. Qxe4 Qc5 31. Re2 Re7 32. Rd2 Qc6 33. Rd8+ Kg7 34.
Qf5 Rf7 35. Qxe5+ Qf6 36. Qxf6+ Kxf6 37. Rd6+ Ke5 38. Rxh6 Kd5 39. b3 Rc7 40.
c4+ Kc5 41. g4 b6 42. g5 Rb7 43. h4 Kb4 44. h5 Kxb3 45. g6 hxg6 46. hxg6 a5 47.
f4 a4 48. f5 Rg7 49. Kf2 a3 50. Ke3 a2 51. Rh1 Kxc4 52. Kf4 b5 53. Kg5 b4 54. f6
Rxg6+ 55. Kxg6 b3 56. f7 b2 57. f8=Q b1=Q+ 58. Rxb1 axb1=Q+ 59. Qf5 Qxf5+ 60.
Kxf5 1/2-1/2

[Event "Superbet Blitz 2022"]
[Site "Warsaw POL"]
[Date "2022.05.22"]
[Round "5.1"]
[White "Anand, Viswanathan"]
[Black "Aronian, Levon"]
[Result "1/2-1/2"]
[WhiteTitle "GM"]
[BlackTitle "GM"]
[WhiteElo "2751"]
[BlackElo "2765"]
[WhiteFideId "5000017"]
[BlackFideId "13300474"]
[EventDate "2022.05.22"]

1. e4 e5 2. Nf3 Nc6 3. Bb5 Nf6 4. O-O Nxe4 5. Re1 Nd6 6. Nxe5 Be7 7. Bf1 Nxe5 8.
Rxe5 O-O 9. d4 Bf6 10. Re1 Re8 11. Bf4 Rxe1 12. Qxe1 Ne8 13. c3 d5 14. Bd3 g6
15. Nd2 Ng7 16. Nf3 Bf5 17. Bxf5 Nxf5 18. Be5 c6 19. Qe2 Qe7 20. Re1 Re8 21. Qd2
Bxe5 22. Rxe5 Qd8 23. Rxe8+ Qxe8 24. Qe1 Qxe1+ 25. Nxe1 Nd6 26. Kf1 f6 27. Ke2
Kf7 28. Nd3 Ke7 29. f3 a5 30. b3 b6 31. g3 Kd7 32. Nf4 Nf5 33. Ng2 Kd6 34. Ne3
Nxe3 35. Kxe3 Ke6 36. a4 b5 37. h4 bxa4 38. bxa4 g5 39. hxg5 fxg5 40. g4 Kf6 41.
Kf2 Kg6 42. Kg2 Kf7 43. Kf1 Kg6 44. Kg2 Kf7 45. Kf1 Kg6 46. Kg2 1/2-1/2